| 000 | 00585nam a2200181 4500 | ||
|---|---|---|---|
| 001 | 148238 | ||
| 003 | ES-MaACL | ||
| 005 | 20230906202518.0 | ||
| 007 | t| | ||
| 008 | 070214s1973 sp r ||||1| spa d | ||
| 100 | 1 |
_aStanton, William J. _9107915 |
|
| 245 | 1 | 0 |
_aDirección del equipo de ventas / _cWilliam J. Stanton, Richard H. Buskirk ; traducción de Luis Salgado Martínez. |
| 260 |
_aSalamanca : _bAnaya, _c1973. |
||
| 300 |
_a2 v. ; _c24 cm. |
||
| 700 | 1 |
_aBuskirk, Richard H. _932826 |
|
| 700 | 1 |
_aSalgado Martínez, Luis. _9101903 |
|
| 852 |
_aES-MaACL _jC-53788-9 _bR.86673 |
||
| 999 |
_c148238 _d148238 |
||